000 00700nam a2200217Ia 4500
005 20220212120614.0
008 210716s2003 xx 000 0 und d
020 _a0706999053
040 _cAIMIT LIBRARY
041 _aeng
082 _a658.3
_210
_bDAVR
100 _aDavar, Rustom S.
_919577
245 _aPersonnel management and industrial relations :
_cBy Rustom S Davar.
250 _a10
260 _aNew Delhi :
_bVikas Publishing House Pvt Ltd ;
_c2003.
300 _axvii, 421p ;
_c21cm.
650 _aThe personnel function
_919578
650 _aManpower planning and development
_919579
650 _aIncreasing personnel productivity
_919580
942 _2ddc
_cBK
_e10th
_k658.3 DAVR
999 _c209041
_d209041